000 01269nam a22002417a 4500
999 _c12040
_d12040
003 Ge_BSU
005 20191129164524.0
008 181215s2011 ge ||||| |||| 00| 0 geo d
020 _a9789941412851
041 _ageo
080 _a631.4(075.8) უ-62
100 _aურუშაძე, თ.
_920
245 _aნიადაგმცოდნეობა :
_c თ. ურუშაძე, ა. ბაჯელიძე, შ. ლომინაძე ; რედ. ვალერიან ცანავა.
_b[სახელმძღვ.] /
264 _a ბათუმი:
_bშოთა რუსთაველის სახემწიფო უნ-ტის გამ-ბა,
_c2011.
300 _a555 გვ.:
_bცხრ.,ნახ. ;
_c21 სმ.
504 _aბიბლიოგრ.: გვ. 549-550.
653 _aნიადაგმცოდნეობა
700 _aბაჯელიძე, ა.
_921
_eავტორი
700 _aლომინაძე, შ.
_922
_eავტორი
700 _aცანავა, ვალერიან
_eრედაქტორი
_923
710 _aშოთა რუსთაველის სახელმწიფო უნივერსიტეტი
_918
942 _2udc
_cBK